000 00658nam a2200241 i 4500
001 C2-0118551
003 PPAK
005 20180727111327.0
008 970729s1990 nyu |||| ||||| | eng d
020 _a0688111831
040 _aPPAK
_beng
_cPPAK
_erda
082 0 4 _a891.9913
_223
090 0 0 _a891.9913
_bKAD
_dG
100 1 _aKadare, Ismail,
_eauthor
245 1 4 _aThe palace of dreams
264 1 _aNew York :
_bWilliam Morrow ,
_c1990
300 _a205 pages ;
_c21 cm
336 _2rdacontent
_atext
337 _2rdamedia
_aunmediated
338 _2rdacarrier
_avolume
650 1 0 _aEuropean fiction - Translations into English
942 _ddc
_cB
999 _c32355
_d32355